000
00286nam a2200097Ia 4500
082
_a
641.81|TART
245
0
_a
Tarts : seasonal sweet and savoury tarts
100
_a
Bester, Tina Cape Town, South Africa, 2013
_9
68200
942
_c
BK
008
210817s9999 xx 000 0 und d
999
_c
220349
_d
220348